Estética para principiantes : teoría y filosofía del arte /
¿Qué tienen en común La Gioconda y el urinario de Duchamp, o las pinturas de las cavernas y la Bienal de Venecia? ¿Qué es el arte? ¿Para qué sirve? Y la Estética ¿es una teoría del arte, una rama de la filosofía, una construcción del gusto colectivo? Este libro introduce al lector en las complejas c...
Guardado en:
| Autor Principal: | |
|---|---|
| Otros Autores: | , , |
| Formato: | Libro |
| Idioma: | Undetermined |
| Publicado: |
Buenos Aires :
Era naciente,
2008.
|
| Series: | Para principiantes ;
119 |
| Materias: | |
| Etiquetas: |
Agregar Etiqueta
Sin Etiquetas, Sea el primero en etiquetar este registro!
|
| LEADER | 01432nam a22002535a 4500 | ||
|---|---|---|---|
| 001 | CEM.cems025230 | ||
| 008 | 260618s2008####ag#######b####000#0#und#d | ||
| 005 | 20260618165621.0 | ||
| 245 | 1 | 0 | |a Estética para principiantes : |b teoría y filosofía del arte / |c Richard Osborne y Dan Sturgis; ilustrado por Natalie Turner. |
| 260 | |a Buenos Aires : |b Era naciente, |c 2008. | ||
| 300 | |a 188 p. | ||
| 490 | 1 | |a Para principiantes ; |v 119 | |
| 500 | |a Traducido por Santiago Rial Ungaro. | ||
| 504 | |a Autores y referentes históricos p. 189. | ||
| 520 | |a ¿Qué tienen en común La Gioconda y el urinario de Duchamp, o las pinturas de las cavernas y la Bienal de Venecia? ¿Qué es el arte? ¿Para qué sirve? Y la Estética ¿es una teoría del arte, una rama de la filosofía, una construcción del gusto colectivo? Este libro introduce al lector en las complejas cuestiones que se abren a partir de la idea de arte. Rescata las reflexiones sobre el tema formuladas por numerosos teóricos, filósofos y artistas de todas las épocas, y explica porqué y para qué se desarrollaron los diferentes movimientos o escuelas. | ||
| 020 | |a 9789875550483 | ||
| 100 | 1 | |a Osborne, Richard. | |
| 700 | 1 | |a Sturgis, Dan. | |
| 700 | 1 | |a Turner, Natalie; il. | |
| 700 | 1 | |a Rial Ungaro, Santiago; trad. | |
| 653 | |a Estética | ||
| 653 | |a Filosofía del arte | ||
| 653 | |a Teoría del arte | ||
| 859 | |a CEMS |b BIB. CEMS - 11 de abril |h 101 |i Os15 |p 30851.26 |t Ej.1 | ||
